000 03112nam a2200301 i 4500
001 18316
003 DO-SdUEMH
005 20260112162114.0
007 ta
008 260112b2014 dr a|||gr|||| 00| 0 spa d
020 _a9789945443622 (serie)
020 _a9789945582062 (v. 200)
040 _aDO-SdUEMH
_bspa
_erda
041 _aspa
082 1 4 _mRD
_bV145c
100 _eaut
245 3 0 _aLa cultura en el Banco Central : discursos 2012-2014 /
_cHéctor Valdez Albizu
264 0 1 _aSanto Domingo, República Dominicana
_bBanco Central de la República Dominicana,
_c2014
264 4 _c©2014
300 _a132 paginas :
_bilustraciones ;
_c23 cm.
336 _2rdacontent
_atexto
_btxt
337 _2rdamedia
_asin mediación
_bn
338 _2rdacarrier
_avolumen
_bnc
490 _a Colección del Banco Central de la República Dominicana ;
_v200
490 _aSerie Arte y Literatura ;
_v68
505 1 _aPresentación -- Exposición La medallística en la República Dominicana, celebrada en el Museo Numismático y Filatélico -- Puesta en circulación de los libros: La cultura en el Banco Central. Discursos 2008-2011; Onirias; Carolina; y Mar de recuerdos -- Participación en la Feria Internacional del Libro Santo Domingo -- Recital de Pura Tayson en la Biblioteca Juan Pablo Duarte -- Puesta en circulación de los libros: Duarte revisitado (1813-2013); Evolución cultural dominicana 1844-1899; La compleja existencia de la tecnología; y Bibliografía económica dominicana 2009-2010 -- Puesta en circulación de los libros: Macroeconomía aplicada. Economía política de las reformas en República Dominicana; y La obra del Dr. José Luis Alemán, S. A. Revisión y análisis de su pensamiento económico (1968-2007) -- Entrega de premios del Concurso de Economía Biblioteca Juan Pablo Duarte y puesta en circulación del libro Nueva literatura económica dominicana -- Entrega de premios del Concurso de Arte y Literatura Bancentral y puesta en circulación del libro Obras premiadas -- Exposición conmemorativa del bicentenario del natalicio de Juan Pablo Duarte (1813-2013) -- Participación en la Feria Internacional del Libro Santo Domingo -- Puesta en circulación de los libros: Polvo eres; El imperio de la intuición; y En torno a la literatura dominicana -- Exposición con motivo del sesquicentenario de la Guerra de la Restauración, en honor a los héroes de la gesta libertaria -- Puesta en circulación de los libros: El último monumento; y Bibliografía económica dominicana 2010-2011 -- Entrega de premios del Concurso de Economía Biblioteca Juan Pablo Duarte y puesta en circulación del libro Nueva literatura económica dominicana -- Entrega de premios del Concurso de Arte y Literatura Bancentral y puesta en circulación del libro Obras premiadas -- Coloquio en homenaje a la pianista Aída Bonelly de Díaz -- Ofrenda floral en el Altar de la Patria -- Exposición conmemorativa del ciento cincuenta aniversario de la muerte del patricio Matías Ramón Mella, homenaje a Mella -- Colección del Banco Central de la República Dominicana.
942 _2ddc
_n0
_cBK
999 _c18316
_d18316